000 00774nam a2200289Ia 4500
001 16270
003 IT-RoPAU
008 130308s9999 xx 000 0 und d
040 _aIT-RoPAU
040 _cIT-RoPAU
041 _aITALIANO
100 _aGarroni Emilio
100 _gCodice Aut. SPICS: 6248
245 _aPopolarità e comunicazione nel cinema
245 _bTeorie e Prassi del Cinema in Italia 1950-1970
250 _a1a ed.
260 _aMILANO
260 _bMazzotta
260 _c1972 [1° Ed.:1972 - Ed.Ling.Originale:1967]
300 _a"24 p. (prefazione: no ; testo: 24 [pagine: 116-139])"
650 _aTEORICHE CINEMATOGRAFICHE
650 _eCodice materia Spics: 6805
942 _cBK
957 _71
999 _c52179
_d52179
999 _bSI
999 _g1